A course module for understanding the self / (Record no. 2135)

MARC details
000 -LEADER
fixed length control field 00774nam a22002297a 4500
005 - DATE AND TIME OF LATEST TRANSACTION
control field 20230517032838.0
008 - FIXED-LENGTH DATA ELEMENTS--GENERAL INFORMATION
fixed length control field 230517b |||||||| |||| 00| 0 eng d
020 ## - INTERNATIONAL STANDARD BOOK NUMBER
International Standard Book Number 978-621-04-2169-9
082 ## - DEWEY DECIMAL CLASSIFICATION NUMBER
Classification number Fil. 155.2 Al323 2021
100 ## - MAIN ENTRY--PERSONAL NAME
Personal name Alata, Eden Joy
Relator term author
245 ## - TITLE STATEMENT
Title A course module for understanding the self /
Statement of responsibility, etc. Eden Joy Alata, Roseanne Cabrera, R. A. Pawilen; Greg Tabios Pawilen, coordinator
250 ## - EDITION STATEMENT
Edition statement rev. ed.
260 ## - PUBLICATION, DISTRIBUTION, ETC.
Place of publication, distribution, etc. Manila:
Name of publisher, distributor, etc. Rex Book Store,
Date of publication, distribution, etc. c2021
300 ## - PHYSICAL DESCRIPTION
Extent vi, 187p.:
Other physical details ill.
490 ## - SERIES STATEMENT
Series statement GEC series
504 ## - BIBLIOGRAPHY, ETC. NOTE
Bibliography, etc. note Includes bibliographical references and index
541 ## - IMMEDIATE SOURCE OF ACQUISITION NOTE
Accession number 7098 c.1, 7099 c.2, 7100 c.3
650 ## - SUBJECT ADDED ENTRY--TOPICAL TERM
Topical term or geographic name entry element Self
700 ## - ADDED ENTRY--PERSONAL NAME
Personal name Cabrera, Roseanne
Relator term author
700 ## - ADDED ENTRY--PERSONAL NAME
Personal name Pawilen, R. A.
Relator term author
700 ## - ADDED ENTRY--PERSONAL NAME
Personal name Pawilen, Greg T.
Relator term author
Holdings
Withdrawn status Lost status Source of classification or shelving scheme Damaged status Not for loan Home library Current library Date acquired Total Checkouts Full call number Barcode Date last seen Copy number Price effective from Koha item type
    Dewey Decimal Classification     ctu-moalboal ctu-moalboal 01/27/2022   Fil. 155.2 Al323 2021 7098 05/17/2023 1 05/17/2023 Books-Filipiniana
    Dewey Decimal Classification     ctu-moalboal ctu-moalboal 01/27/2022   Fil. 155.2 Al323 2021 7099 05/17/2023 2 05/17/2023 Books-Filipiniana
    Dewey Decimal Classification     ctu-moalboal ctu-moalboal 01/27/2022   Fil. 155.2 Al323 2021 7100 05/17/2023 3 05/17/2023 Books-Filipiniana